Państwa Trójmorza - Statystyki

Ogólne statystyki
  • Ten quiz został rozwiązany 35 razy
  • Średni wynik to 11 z 12
Statystyki odpowiedzi
Hint Odpowiedź % Poprawnych
Państwo Estonia
97%
Państwo Litwa
97%
Państwo Łotwa
97%
Państwo Polska
97%
Państwo Rumunia
94%
Państwo Chorwacja
91%
Państwo Czechy
91%
Państwo Węgry
91%
Państwo Bułgaria
88%
Państwo Słowacja
88%
Państwo Austria
85%
Państwo Słowenia
85%
Nie znaleziono quizów pasujących do podanych kryteriów
Rozkład punktacji
Procent ludzi z każdym wynikiem
Percentyl według liczby udzielonych odpowiedzi
Twoja historia wyników
Nie rozwiązałeś tego quizu